Spiegel oder Stern? - Statistiken

Allgemein
  • Dieses Quiz wurde 43 mal gespielt
  • Das Durchschnittsergebnis liegt bei 9 aus 15
Antwortstatistiken
Frage Antwort % Korrekt
Wurde von Rudolf Augstein gegründet Spiegel
100%
Erscheint wöchentlich beide
83%
Henri Nannen war über 30 Jahre lang Chefredakteur Stern
83%
Druckte 1971 die Schlagzeile "Wir haben abgetrieben" Stern
83%
Gründete und finanziert den Wettbewerb "Jugend forscht" Stern
83%
Veröffentlichte erfundene Reportagen von Claas Relotius Spiegel
67%
Berichte führten in den 1960ern zum Rücktritt von Verteidigungsminister Strauß Spiegel
67%
Hat aktuell die höhere verkaufte Auflage Spiegel
67%
Berichtete über (gefälschte) Hitler-Tagebücher Stern
67%
Veröffentlichte 1978 das erste Interview mit Christiane F. (Wir Kinder vom Bahnhof Zoo) Stern
67%
Produziert ein TV-Format beide
50%
Hat seinen Hauptsitz in Hamburg beide
50%
Deckte 1987 die Barschel-Affäre auf Spiegel
17%
Erstausgabe kam in den 1940ern heraus beide
0%
Wurde im Anzeiger-Hochhaus in Hannover gegründet beide
0%
Keine übereinstimmenden Quizze gefunden
Verteilung der Resultate
Anzahl Personen mit jedem Resultat
Perzentil nach korrekt beantworteten Fragen
Ihre Resultats-Entwicklung
Sie haben dieses Quiz noch nicht gespielt